|
|
|
|
| LEADER |
00000nam0a2200000 4500 |
| 001 |
31277 |
| 005 |
20231030204413.0 |
| 010 |
|
|
|a 581140249X
|
| 035 |
|
|
|a (RuTPU)RU\TPU\book\31554
|
| 035 |
|
|
|a BOOK00031633
|
| 090 |
|
|
|a 31277
|
| 100 |
|
|
|a 20011209d2001 m y0rusy50 ca
|
| 101 |
0 |
|
|a rus
|
| 102 |
|
|
|a RU
|
| 105 |
|
|
|a y j 001zd
|
| 200 |
1 |
|
|a Культурология
|e учебник для вузов
|f А. С. Кармин
|
| 210 |
|
|
|a СПб.
|c Лань
|d 2001
|
| 215 |
|
|
|a 830 с.
|
| 320 |
|
|
|a Алф. указ.: с. 818-827.
|
| 451 |
|
1 |
|0 (RuTPU)RU\TPU\book\71718
|y 5-94723-733-4
|t Культурология
|o учебник
|f А. С. Кармин, Е. С. Новикова
|c СПб.
|n Питер
|d 2004
|p 463 с.
|a Кармин, Анатолий Соломонович
|
| 451 |
|
1 |
|0 (RuTPU)RU\TPU\book\31801
|y 5-8114-0186-8
|t Культурология
|f А. С. Кармин
|c СПб.
|n Лань
|d 2000
|p 128 с.
|s Мир культуры, истории и философии
|a Кармин, Анатолий Соломонович
|
| 600 |
|
1 |
|a Тойнби
|g Арнолд Джозеф
|b А. Д.
|c английский историк и социолог
|f 1889-1975
|2 stltpui
|3 (RuTPU)RU\TPU\pers\1597
|
| 600 |
|
1 |
|a Сорокин
|g Питирим Александрович
|f 1889-1968
|c американский социолог российского происхождения
|b П. А.
|2 stltpui
|3 (RuTPU)RU\TPU\pers\1155
|
| 600 |
|
1 |
|a Каган
|b М. С.
|c российский философ
|g Моисей Самойлович
|c эстетик
|c культуролог
|f 1921-
|2 stltpush
|3 (RuTPU)RU\TPU\pers\11506
|
| 610 |
1 |
|
|a культура
|
| 610 |
1 |
|
|a культурология
|
| 610 |
1 |
|
|a мифология
|
| 610 |
1 |
|
|a семиотика
|
| 610 |
1 |
|
|a народы
|
| 610 |
1 |
|
|a социокультурные традиции
|
| 610 |
1 |
|
|a духовная культура
|
| 610 |
1 |
|
|a социальная культура
|
| 610 |
1 |
|
|a технологическая культура
|
| 686 |
|
|
|a Ч111я73
|v LBC/SL-A
|2 rubbk
|
| 700 |
|
1 |
|a Кармин
|b А. С.
|g Анатолий Соломонович
|
| 801 |
|
0 |
|a RU
|b 63413507
|c 20011209
|g PSBO
|
| 801 |
|
2 |
|a RU
|b 63413507
|c 20090814
|g PSBO
|
| 942 |
|
|
|c BK
|